[Event "NOR-ch Clubs 2017"]
[Site "Kristiansund"]
[Date "2017.10.22"]
[Round "5"]
[White "Tryggestad, Andreas Garberg"]
[Black "Dahl, Trygve"]
[Result "1-0"]
[WhiteElo "2250"]
[BlackElo "2193"]
[Annotator "NA"]
[PlyCount "75"]
[EventDate "2017.??.??"]
[EventType "team-tourn"]
[EventCountry "NOR"]
[SourceTitle "playchess.com"]
[Source "ChessBase"]
[SourceQuality "1"]
[TimeControl "40/5400:1800"]

1. e4 {[%emt 0:00:01]} d6 {[%emt 0:09:13]} 2. d4 {[%emt 0:00:09]} Nf6 {[%emt 0:00:13]} 3. Nc3 {[%emt 0:00:06]} g6 {[%emt 0:00:15]} 4. f3 {[%emt 0:00:17]} c6 {[%emt 0:00:44] LiveBook: 314 Games} 5. h4 {[%emt 0:00:14] B07: Pirc Defence: Miscellaneous Systems} (5. Be3 b5 6. Qd2 Nbd7 7. O-O-O b4 8. Nce2 Qa5 9. Kb1 Ba6 10. Nc1 Bxf1 11. Rxf1 Nb6 12. Qd3 Bg7 13. Nb3 Qb5 14. Qxb5 cxb5 15. Na5 {0-1 (74) Triapishko,O (2508)-Mamedyarov,S (2791) Sochi 2017}) 5... h5 {[%emt 0:00:24]} 6. Be3 {[%emt 0:00:06]} b5 {[%emt 0:00:49]} 7. Qd2 {[%emt 0:00:20]} a6 {[%emt 0:01:38]} 8. a4 $146 {[%emt 0:01:52]} ({Predecessor:} 8. O-O-O Bg7 9. Kb1 Qc7 10. Bd3 e5 11. dxe5 dxe5 12. Nh3 Bxh3 13. Rxh3 Nbd7 14. Rhh1 Bf8 {1-0 (30) Berg,E (2539)-Andreasson,I (2335) Lidkoping 2013}) 8... b4 $1 {[%emt 0:04:54]} 9. Nce2 {[%emt 0:00:06]} a5 {[%emt 0:00:24]} 10. Nf4 {[%emt 0:00:08]} Ba6 {[%emt 0:03:52]} 11. Bxa6 {[%emt 0:00:24]} Nxa6 {[%emt 0:00:05]} 12. Ngh3 {[%emt 0:00:14]} Nd7 {[%emt 0:04:33]} 13. Ng5 {[%emt 0:00:19]} e5 {[%emt 0:04:57]} 14. Ne2 {[%emt 0:03:58]} Bg7 {[%emt 0:05:51]} (14... Qe7 $11 {keeps the balance.}) 15. c3 {[%emt 0:00:06]} Nb6 {[%emt 0:03:59]} 16. Qd3 {[%emt 0:01:17]} d5 {[%emt 0:17:48]} 17. dxe5 {[%emt 0:03:48]} Bxe5 {[%emt 0:02:12]} 18. Bd4 {[%emt 0:03:51]} Nd7 {[%emt 0:06:01]} 19. f4 {[%emt 0:08:34]} Nac5 {[%emt 0:05:56]} 20. Bxc5 {[%emt 0:01:16]} Nxc5 {[%emt 0:01:01]} 21. Qe3 {[%emt 0:00:01]} Bd6 {[%emt 0:01:58]} 22. exd5+ {[%emt 0:00:49]} Be7 {[%emt 0:00:59]} 23. cxb4 {[%emt 0:14:26]} axb4 {[%emt 0:00:40]} 24. dxc6 {[%emt 0:00:08]} O-O {[%emt 0:01:03]} 25. O-O {[%emt 0:01:14]} Nxa4 {[%emt 0:01:14]} 26. Rac1 {[%emt 0:00:20]} Nxb2 {[%emt 0:01:03]} 27. c7 {[%emt 0:00:13]} Qd7 {[%emt 0:01:01] [#]} 28. Qb3 $16 {[%emt 0:03:16]} (28. f5 $1 $18 {[%mdl 512] and the rest is easy.}) 28... Bf6 {[%emt 0:01:23]} 29. f5 {[%emt 0:02:15]} gxf5 {[%emt 0:02:43]} (29... Nd3 {was necessary.}) 30. Qg3 {[%emt 0:00:52]} Kh8 {[%emt 0:00:53]} 31. Qf3 {[%emt 0:00:10]} Kg7 {[%emt 0:00:17]} 32. Ng3 {[%emt 0:00:32]} Qd4+ {[%emt 0:00:04]} 33. Rf2 {[%emt 0:00:02]} Kg8 {[%emt 0:00:36]} 34. Nxf5 {[%emt 0:02:47]} Qe5 {[%emt 0:00:00]} 35. Qxh5 {[%emt 0:00:13]} Bxg5 {[%emt 0:00:27]} 36. Qxg5+ {[%emt 0:00:01]} Kh7 {[%emt 0:00:12]} 37. Qh5+ {[%emt 0:00:01]} Kg8 {[%emt 0:00:12]} 38. Nh6+ {[%emt 0:00:01]} 1-0

[Event "NOR-ch Clubs 2017"]
[Site "Kristiansund"]
[Date "2017.10.22"]
[Round "5"]
[White "David, Edwin"]
[Black "Haug, Johannes"]
[Result "1-0"]
[WhiteElo "2211"]
[BlackElo "2379"]
[Annotator "NA"]
[PlyCount "99"]
[EventDate "2017.??.??"]
[EventType "team-tourn"]
[EventCountry "NOR"]
[SourceTitle "playchess.com"]
[Source "ChessBase"]
[SourceQuality "1"]
[TimeControl "40/5400:1800"]

1. d4 {[%emt 0:00:05]} Nf6 {[%emt 0:00:22]} 2. c4 {[%emt 0:00:10]} e6 {[%emt 0:00:04]} 3. Nc3 {[%emt 0:00:06]} Bb4 {[%emt 0:00:04]} 4. e3 {[%emt 0:00:09]} O-O {[%emt 0:00:08]} 5. Nge2 {[%emt 0:00:11]} c6 {[%emt 0:00:28] E46: Nimzo-Indian: Rubinstein: 4 e3 0-0 5 Ne2 without early Bd3} (5... d5 6. a3 Be7 7. cxd5 exd5 8. Nf4 c6 9. Bd3 Na6 10. O-O Nc7 11. Qc2 Bd6 12. f3 Re8 13. Nce2 Qe7 14. Ng3 c5 15. Qf2 b6 16. Bd2 g6 17. dxc5 bxc5 {0-1 (28) Nakamura,H (2787)-Carlsen,M (2853) chess.com INT 2016}) 6. a3 {[%emt 0:00:35]} Ba5 {[%emt 0:00:04]} 7. Qc2 {[%emt 0:15:02] LiveBook: 41 Games} d5 {[%emt 0:00:31]} 8. Ng3 {[%emt 0:02:47]} Bc7 {[%emt 0:15:56]} 9. cxd5 $146 {[%emt 0:08:25]} ({Predecessor:} 9. Be2 e5 10. dxe5 Bxe5 11. O-O Qe7 12. Bd2 Rd8 13. Rad1 dxc4 14. Bxc4 {0-1 (40) Zelesco,K (2256)-Ly,M (2463) Melbourne 2014}) 9... exd5 {[%emt 0:00:12]} 10. Bd3 {[%emt 0:00:15]} Re8 {[%emt 0:03:41]} 11. Nce2 {[%emt 0:03:49]} Nbd7 {[%emt 0:04:21]} 12. f3 {[%emt 0:02:28]} Qe7 {[%emt 0:27:19]} 13. b4 {[%emt 0:02:38]} a5 {[%emt 0:00:51]} 14. Rb1 {[%emt 0:00:22]} Nf8 {[%emt 0:02:40]} 15. O-O {[%emt 0:01:39]} h5 {[%emt 0:01:21]} 16. b5 {[%emt 0:13:02]} Bd7 {[%emt 0:13:21]} 17. bxc6 {[%emt 0:03:01]} bxc6 {[%emt 0:00:05]} 18. Rb7 {[%emt 0:01:59]} Bc8 {[%emt 0:05:10]} 19. Rb1 {[%emt 0:01:43]} Ba6 {[%emt 0:00:19]} 20. Bxa6 {[%emt 0:08:10]} Rxa6 {[%emt 0:00:01]} 21. a4 {[%emt 0:00:26]} Qd7 {[%emt 0:02:34]} 22. Bd2 {[%emt 0:01:11]} g6 {[%emt 0:01:48]} 23. Rfc1 {[%emt 0:01:00]} Ne6 {[%emt 0:00:45]} 24. h4 {[%emt 0:06:31]} Qe7 {[%emt 0:01:02]} 25. Qd3 {[%emt 0:00:18]} Rea8 {[%emt 0:00:04]} 26. Be1 {[%emt 0:02:52]} Nd7 {[%emt 0:01:12]} 27. Nf1 {[%emt 0:00:35]} Ng7 {[%emt 0:00:59]} 28. Rb7 {[%emt 0:01:18]} Nf6 {[%emt 0:00:46]} 29. Bg3 {[%emt 0:00:09]} Nge8 {[%emt 0:00:09]} 30. Qc3 {[%emt 0:04:10]} Qd8 {[%emt 0:00:20]} 31. Bxc7 {[%emt 0:00:41]} Nxc7 {[%emt 0:00:01]} 32. Nf4 {[%emt 0:00:19]} Nfe8 {[%emt 0:00:15]} 33. Qe1 {[%emt 0:00:31]} Nd6 {[%emt 0:00:14]} 34. Rbb1 $11 {[%emt 0:00:02]} Nf5 {[%emt 0:00:14]} 35. g3 {[%emt 0:00:16]} Ne8 {[%emt 0:00:13]} 36. Nd3 {[%emt 0:00:01]} Ned6 {[%emt 0:00:14]} 37. Ne5 {[%emt 0:00:03]} Qe8 {[%emt 0:00:03]} 38. Rc3 {[%emt 0:00:54]} f6 {[%emt 0:00:36]} 39. Nd3 {[%emt 0:00:01]} Nc4 {[%emt 0:00:05]} 40. Nc5 R6a7 41. g4 {[%emt 0:31:34]} hxg4 {[%emt 0:30:07]} 42. fxg4 {[%emt 0:00:01]} Nfd6 {[%emt 0:00:08]} 43. Qf2 {[%emt 0:00:13]} Rf7 {[%emt 0:00:23]} 44. Ng3 {[%emt 0:00:05]} f5 {[%emt 0:00:12]} 45. gxf5 {[%emt 0:00:00]} Nxf5 {[%emt 0:00:00]} 46. Nxf5 {[%emt 0:00:00]} Rxf5 {[%emt 0:00:00]} 47. Qg3 {[%emt 0:00:00]} Qf7 {[%emt 0:00:00]} 48. e4 {[%emt 0:00:00]} Rf4 {[%emt 0:00:00]} 49. Ne6 {[%emt 0:00:00]} Rxe4 {[%emt 0:00:00]} 50. Rb8+ {[%emt 0:00:00]} 1-0

[Event "NOR-ch Clubs 2017"]
[Site "Kristiansund"]
[Date "2017.10.22"]
[Round "5"]
[White "Moen, Ole Christian"]
[Black "Unhjem, Bjorn Robert Lovoll"]
[Result "1/2-1/2"]
[WhiteElo "2174"]
[BlackElo "1726"]
[Annotator "NA"]
[PlyCount "115"]
[EventDate "2017.??.??"]
[EventType "team-tourn"]
[EventCountry "NOR"]
[SourceTitle "playchess.com"]
[Source "ChessBase"]
[SourceQuality "1"]
[TimeControl "40/5400:1800"]

1. e4 {[%emt 0:00:04]} c5 {[%emt 0:04:17]} 2. Nc3 {[%emt 0:00:19]} Nc6 {[%emt 0:00:31]} 3. Nf3 {[%emt 0:00:14]} g6 {[%emt 0:01:16]} 4. Bb5 {[%emt 0:00:07]} Bg7 {[%emt 0:01:49]} 5. O-O {[%emt 0:00:08]} d6 {[%emt 0:02:25]} 6. h3 {[%emt 0:00:10] B31: Sicilian: 2...Nc6 3 Bb5 g6} (6. Re1 Bd7 7. a4 Rc8 8. d3 Nf6 9. Nd5 O-O 10. Bg5 a6 11. Bxf6 exf6 12. Bc4 f5 13. c3 fxe4 14. dxe4 {1-0 (29) Carlsen,M (2832)-Giri,A (2771) Stavanger 2017}) 6... e6 {[%emt 0:00:32]} 7. Bxc6+ {[%emt 0:02:18]} bxc6 {[%emt 0:00:05]} 8. e5 $146 {[%emt 0:00:24]} ({Predecessor:} 8. Re1 Ne7 9. Ne2 Rb8 10. c3 O-O 11. Qa4 {1-0 (39) Bimbatti Dorante,G (2010)-Cano Sevila,I (1850) Mataro 2016}) 8... dxe5 {[%emt 0:05:42]} 9. Re1 {[%emt 0:00:31]} Qc7 {[%emt 0:01:07]} 10. Qe2 {[%emt 0:00:09]} Ne7 {[%emt 0:00:09]} 11. Ne4 {[%emt 0:09:39]} (11. d3 $11) 11... Nf5 {[%emt 0:01:04]} (11... f5 $17 12. Nxc5 e4) 12. c3 {[%emt 0:00:07]} O-O {[%emt 0:03:01]} 13. d3 {[%emt 0:06:34]} h6 {[%emt 0:06:41]} 14. Nxc5 {[%emt 0:00:49]} Rd8 {[%emt 0:00:53]} 15. Nxe5 {[%emt 0:00:51]} Rd5 {[%emt 0:00:18]} 16. Nxg6 {[%emt 0:12:50]} Rxc5 {[%emt 0:00:28]} 17. d4 {[%emt 0:00:05]} Rd5 {[%emt 0:09:00]} 18. Nf4 {[%emt 0:00:14]} Rd8 {[%emt 0:07:40]} 19. Nh5 {[%emt 0:00:06]} Qe7 {[%emt 0:00:30]} 20. Qf3 {[%emt 0:06:31]} Rd5 {[%emt 0:10:29]} 21. Re4 {[%emt 0:03:57]} Nh4 {[%emt 0:07:59]} 22. Qg4 {[%emt 0:00:06]} Ng6 {[%emt 0:00:50]} 23. c4 {[%emt 0:05:21]} e5 {[%emt 0:02:13]} 24. Qd1 {[%emt 0:07:05]} Rxd4 {[%emt 0:00:52]} 25. Rxd4 {[%emt 0:00:21]} exd4 {[%emt 0:00:10]} 26. Nxg7 {[%emt 0:00:11]} Kxg7 {[%emt 0:00:13]} 27. Qxd4+ {[%emt 0:00:07]} Qe5 $17 {[%emt 0:00:45]} 28. Be3 {[%emt 0:00:27]} Qxd4 {[%emt 0:02:08]} 29. Bxd4+ {[%emt 0:00:06]} f6 {[%emt 0:01:04]} 30. Re1 {[%emt 0:03:13]} Kf7 {[%emt 0:00:22]} 31. Re3 {[%emt 0:01:01]} Be6 {[%emt 0:01:30]} 32. Rf3 {[%emt 0:02:06]} f5 {[%emt 0:00:16]} 33. Rb3 {[%emt 0:00:37]} Rd8 {[%emt 0:04:21]} 34. Rb7+ {[%emt 0:00:16]} Rd7 {[%emt 0:02:47]} 35. Rxd7+ {[%emt 0:00:11]} Bxd7 {[%emt 0:00:08]} 36. Bxa7 {[%emt 0:00:05]} Ne5 {[%emt 0:00:26]} 37. b3 {[%emt 0:00:31]} Ke6 {[%emt 0:02:28]} 38. Be3 {[%emt 0:00:22]} h5 {[%emt 0:00:47]} 39. Kf1 {[%emt 0:00:05]} Ng6 {[%emt 0:01:37]} 40. f4 {[%emt 0:01:19]} Bc8 {[%emt 0:31:00]} 41. g3 {[%emt 0:33:25]} Kd6 {[%emt 0:00:00]} 42. Ke2 {[%emt 0:00:00]} c5 {[%emt 0:00:00]} 43. a3 {[%emt 0:00:00]} Ba6 {[%emt 0:00:00]} 44. Kd3 {[%emt 0:00:00]} Nf8 {[%emt 0:00:00]} 45. b4 {[%emt 0:00:00]} cxb4 {[%emt 0:00:00]} 46. axb4 {[%emt 0:00:00]} Ne6 {[%emt 0:00:00]} 47. Kc3 {[%emt 0:00:00]} Bb7 {[%emt 0:00:00]} 48. Kb3 {[%emt 0:00:00]} Bg2 {[%emt 0:00:00]} 49. h4 {[%emt 0:00:00]} Nc7 {[%emt 0:00:00]} 50. Bc5+ {[%emt 0:00:00]} Kd7 {[%emt 0:00:00]} 51. Bd4 {[%emt 0:00:00]} Ne8 {[%emt 0:00:00]} 52. Be5 {[%emt 0:00:00]} Nd6 {[%emt 0:00:00]} 53. Bxd6 {[%emt 0:00:00]} Kxd6 {[%emt 0:00:00]} 54. Kc3 {[%emt 0:00:00]} Bf3 {[%emt 0:00:00]} 55. Kd4 {[%emt 0:00:00]} Bb7 {[%emt 0:00:00]} 56. b5 {[%emt 0:00:00]} Bf3 {[%emt 0:00:00]} 57. c5+ {[%emt 0:00:00]} Ke6 {[%emt 0:00:00]} 58. Kc4 1/2-1/2

[Event "NOR-ch Clubs 2017"]
[Site "Kristiansund"]
[Date "2017.10.22"]
[Round "5"]
[White "Lundeby, Oyvind Andersen"]
[Black "Nordquelle, Daniel"]
[Result "1/2-1/2"]
[WhiteElo "2155"]
[BlackElo "2196"]
[Annotator "NA"]
[PlyCount "114"]
[EventDate "2017.??.??"]
[EventType "team-tourn"]
[EventCountry "NOR"]
[SourceTitle "playchess.com"]
[Source "ChessBase"]
[SourceQuality "1"]
[TimeControl "40/5400:1800"]

1. e3 {[%emt 0:00:00]} Nf6 {[%emt 0:01:35]} 2. Nf3 {[%emt 0:01:04]} g6 {[%emt 0:00:42]} 3. d4 {[%emt 0:01:00]} Bg7 {[%emt 0:00:09]} 4. c4 {[%emt 0:00:41]} c5 {[%emt 0:00:16]} 5. dxc5 {[%emt 0:04:03]} Na6 {[%emt 0:00:35]} 6. Nc3 {[%emt 0:02:05]} Nxc5 {[%emt 0:00:29]} 7. Be2 {[%emt 0:00:09]} O-O {[%emt 0:00:22]} 8. O-O {[%emt 0:00:19]} b6 {[%emt 0:00:53]} 9. Nd4 {[%emt 0:06:10] LiveBook: 30 Games} Bb7 {[%emt 0:01:14] E61: Königsindisch (Abweichungen der Hauptvariante)} 10. b3 {[%emt 0:02:05]} Qc7 $146 {[%emt 0:20:47]} ({Vorgänger:} 10... d5 11. cxd5 Nxd5 12. Bb2 Nxc3 13. Bxc3 Ne4 14. Bb2 e5 15. Nf3 Qe7 16. Rc1 Rfd8 17. Qc2 {0-1 (31) Lechtynsky,J (2365)-Stocek,J (2540) Ostrava 2014}) 11. Bb2 {[%emt 0:02:00]} Rfd8 {[%emt 0:00:56]} 12. Rc1 {[%emt 0:02:40]} Rac8 {[%emt 0:00:26]} 13. Qc2 {[%emt 0:05:22]} Qb8 {[%emt 0:00:51]} 14. Qb1 {[%emt 0:03:48]} Nfe4 {[%emt 0:11:27]} 15. Rfd1 {[%emt 0:04:48]} f5 {[%emt 0:08:22]} 16. Nxe4 {[%emt 0:04:23]} Bxe4 {[%emt 0:01:35]} 17. Qa1 {[%emt 0:00:15]} f4 {[%emt 0:06:41]} 18. f3 {[%emt 0:05:52]} Bb7 {[%emt 0:01:33]} 19. e4 {[%emt 0:00:40]} Qe5 {[%emt 0:05:09]} 20. Bc3 {[%emt 0:01:01]} Qg5 {[%emt 0:00:17]} 21. Nb5 {[%emt 0:02:03]} Bxc3 {[%emt 0:00:55]} 22. Nxc3 {[%emt 0:01:06]} d6 {[%emt 0:01:32]} 23. Nd5 {[%emt 0:03:07]} Nd7 {[%emt 0:02:13]} 24. a4 {[%emt 0:03:53]} e6 {[%emt 0:00:39]} 25. Nc3 {[%emt 0:01:25]} Qc5+ {[%emt 0:00:09]} 26. Kf1 {[%emt 0:03:24]} Ne5 $14 {[%emt 0:02:21]} 27. Nb5 {[%emt 0:06:04]} Nc6 {[%emt 0:07:33]} 28. Nd4 {[%emt 0:06:13]} Kf7 {[%emt 0:01:45]} 29. Nxc6 {[%emt 0:01:24]} Bxc6 {[%emt 0:00:08]} 30. Qd4 {[%emt 0:01:00]} Rd7 {[%emt 0:02:18]} 31. Rd2 {[%emt 0:00:23]} Rcd8 {[%emt 0:00:12]} 32. Rcd1 {[%emt 0:01:17]} a6 {[%emt 0:00:21]} 33. Rd3 {[%emt 0:00:53]} g5 {[%emt 0:00:39]} 34. R1d2 {[%emt 0:00:27]} h5 {[%emt 0:00:16]} 35. h3 {[%emt 0:01:18]} Qxd4 {[%emt 0:00:38]} 36. Rxd4 {[%emt 0:00:02]} Kf6 {[%emt 0:00:03]} 37. Ke1 {[%emt 0:03:05]} Ke5 {[%emt 0:00:02]} 38. Kd1 {[%emt 0:01:50]} Rb8 {[%emt 0:00:45]} 39. Kc2 {[%emt 0:00:35]} Rbb7 {[%emt 0:00:18]} 40. Kc3 {[%emt 0:00:47]} b5 {[%emt 0:32:22]} 41. cxb5 {[%emt 0:04:23]} axb5 {[%emt 0:00:00]} 42. a5 {[%emt 0:02:11]} Rdc7 {[%emt 0:00:00]} 43. Kb4 {[%emt 0:02:44]} d5 {[%emt 0:00:00]} 44. exd5 {[%emt 0:00:26]} Bxd5 {[%emt 0:00:00]} 45. R4d3 {[%emt 0:00:16]} Kd6 {[%emt 0:00:00]} 46. Ra2 {[%emt 0:01:47]} Rc4+ {[%emt 0:00:00]} 47. Ka3 {[%emt 0:01:40]} b4+ {[%emt 0:00:00]} 48. Kb2 {[%emt 0:02:08]} Rc8 {[%emt 0:00:00]} 49. Rd2 {[%emt 0:01:29]} Ra7 {[%emt 0:00:00]} 50. Ra4 {[%emt 0:00:56]} Rb8 {[%emt 0:00:00]} 51. a6 {[%emt 0:02:07]} Kc5 {[%emt 0:00:00]} 52. Rc2+ {[%emt 0:00:19]} Kd4 {[%emt 0:00:00]} 53. Bc4 {[%emt 0:03:10]} Ke3 {[%emt 0:00:00]} 54. Re2+ {[%emt 0:00:22]} Kd4 {[%emt 0:00:00]} 55. Rd2+ {[%emt 0:00:06]} Ke3 {[%emt 0:00:00]} 56. Re2+ {[%emt 0:00:06]} Kd4 {[%emt 0:00:00]} 57. Rd2+ {[%emt 0:00:08]} Ke3 1/2-1/2

[Event "NOR-ch Clubs 2017"]
[Site "Kristiansund"]
[Date "2017.10.22"]
[Round "5"]
[White "Nyland, Thomas"]
[Black "Hestholm, Sverre"]
[Result "1-0"]
[WhiteElo "2152"]
[BlackElo "1654"]
[Annotator "NA"]
[PlyCount "123"]
[EventDate "2017.??.??"]
[EventType "team-tourn"]
[EventCountry "NOR"]
[SourceTitle "playchess.com"]
[Source "ChessBase"]
[SourceQuality "1"]
[TimeControl "40/5400:1800"]

1. e4 {[%emt 0:00:04]} e5 {[%emt 0:00:05]} 2. Nf3 {[%emt 0:00:10]} Nf6 {[%emt 0:00:05]} 3. Nxe5 {[%emt 0:00:09]} d6 {[%emt 0:00:04]} 4. Nf3 {[%emt 0:00:19]} Nxe4 {[%emt 0:00:08]} 5. Nc3 {[%emt 0:00:46]} Nxc3 {[%emt 0:00:05]} 6. dxc3 {[%emt 0:00:03]} Be7 {[%emt 0:00:06]} 7. Bd3 {[%emt 0:00:26]} Nc6 {[%emt 0:00:07]} 8. Be3 {[%emt 0:00:58] C42: Petroff Defence: 3 Nxe5 and unusual White 3rd moves} Be6 {[%emt 0:00:07] LiveBook: 4 Games} (8... Bf6 9. Qe2 O-O 10. O-O-O Re8 11. Kb1 Rb8 12. h4 h6 13. Rdg1 Bg4 14. Qd2 b5 15. Nd4 {½-½ (112) Yu,Y (2734)-Wang,Y (2730) Danzhou 2016}) 9. Nd4 {[%emt 0:01:54]} Nxd4 {[%emt 0:05:41]} 10. cxd4 {[%emt 0:00:30]} d5 {[%emt 0:04:59]} 11. O-O {[%emt 0:02:19]} Qd7 {[%emt 0:05:06]} 12. b3 {[%emt 0:01:53]} Bf6 $146 {[%emt 0:09:03]} ({Predecessor:} 12... O-O 13. f4 Bf5 14. Qd2 Bf6 15. h3 Rfe8 {½-½ (39) Dujic,M (1766)-Mravic,F (1777) Rijeka 2010}) 13. a4 {[%emt 0:03:14]} Bf5 {[%emt 0:07:20]} 14. Bf4 {[%emt 0:04:51]} Bxd3 {[%emt 0:02:26]} 15. Qxd3 {[%emt 0:00:11]} O-O {[%emt 0:00:38]} 16. Be5 {[%emt 0:01:27]} Bxe5 {[%emt 0:07:13]} 17. dxe5 {[%emt 0:00:04]} f6 {[%emt 0:02:51]} 18. f4 {[%emt 0:05:36]} fxe5 {[%emt 0:00:49]} 19. fxe5 {[%emt 0:00:08]} c6 {[%emt 0:03:08]} 20. c4 {[%emt 0:03:51]} d4 {[%emt 0:04:44]} 21. Qe4 {[%emt 0:01:30]} Rad8 {[%emt 0:05:41]} 22. e6 {[%emt 0:05:34]} Rfe8 {[%emt 0:03:45]} 23. Rae1 {[%emt 0:02:48]} Qd6 {[%emt 0:02:07]} 24. Rf2 $2 {[%emt 0:25:54]} (24. e7 $18 Rb8 25. b4) 24... d3 {[%emt 0:06:21]} 25. Rd2 $11 {[%emt 0:01:21]} Qd4+ {[%emt 0:00:48]} 26. Qxd4 {[%emt 0:00:11]} Rxd4 {[%emt 0:00:07]} 27. Re3 {[%emt 0:00:46]} Kf8 {[%emt 0:01:01]} 28. Rf3+ {[%emt 0:01:53]} Kg8 {[%emt 0:04:18]} 29. Rfxd3 {[%emt 0:00:34]} Rxd3 {[%emt 0:00:36]} 30. Rxd3 {[%emt 0:00:04]} Rxe6 {[%emt 0:01:07]} 31. Rd7 {[%emt 0:00:09]} b5 {[%emt 0:01:43]} 32. axb5 {[%emt 0:05:17]} cxb5 {[%emt 0:00:21]} 33. cxb5 {[%emt 0:00:44]} Rb6 {[%emt 0:00:23]} 34. Rd5 {[%emt 0:00:54]} Rb7 {[%emt 0:01:27]} 35. Kf2 {[%emt 0:00:21]} Kf7 {[%emt 0:00:54]} 36. Ke3 {[%emt 0:00:17]} Ke6 {[%emt 0:01:09]} 37. Kd4 {[%emt 0:01:47]} Rf7 {[%emt 0:01:42]} 38. Kc4 {[%emt 0:01:45]} Rf2 {[%emt 0:00:59]} 39. Rg5 {[%emt 0:00:18]} Kf6 {[%emt 0:00:38]} 40. Rg3 {[%emt 0:00:30]} Re2 {[%emt 0:30:07]} 41. Kc5 {[%emt 0:03:15]} Re6 {[%emt 0:00:00]} 42. Rf3+ {[%emt 0:05:56]} Ke7 {[%emt 0:00:00]} 43. b4 {[%emt 0:01:28]} Re5+ {[%emt 0:00:00]} 44. Kc6 {[%emt 0:00:21]} Re6+ {[%emt 0:00:00]} 45. Kb7 {[%emt 0:00:38]} Rb6+ {[%emt 0:00:00]} 46. Kxa7 {[%emt 0:00:07]} Rxb5 {[%emt 0:00:00]} 47. Rb3 {[%emt 0:00:45]} Kd8 {[%emt 0:00:00]} 48. Ka6 {[%emt 0:00:19]} Rg5 {[%emt 0:00:00]} 49. Rg3 {[%emt 0:00:14]} Rh5 {[%emt 0:00:00]} 50. Rxg7 {[%emt 0:01:10]} Rxh2 {[%emt 0:00:00]} 51. b5 {[%emt 0:00:08]} Rh1 {[%emt 0:00:00]} 52. b6 {[%emt 0:00:23]} Ra1+ {[%emt 0:00:00]} 53. Kb5 {[%emt 0:01:01]} Rb1+ {[%emt 0:00:00]} 54. Kc6 {[%emt 0:01:25]} Rc1+ {[%emt 0:00:00]} 55. Kb7 {[%emt 0:00:06]} Rc2 {[%emt 0:00:00]} 56. Rxh7 {[%emt 0:00:13]} Rxg2 {[%emt 0:00:00]} 57. Rh4 {[%emt 0:00:29]} Rb2 {[%emt 0:00:00]} 58. Rd4+ {[%emt 0:00:13]} Ke7 {[%emt 0:00:00]} 59. Kc7 {[%emt 0:00:09]} Rc2+ {[%emt 0:00:00]} 60. Kb8 {[%emt 0:00:05]} Rb2 {[%emt 0:00:00]} 61. b7 {[%emt 0:00:08]} Rb1 {[%emt 0:00:00]} 62. Kc7 {[%emt 0:00:11]} 1-0

[Event "NOR-ch Clubs 2017"]
[Site "Kristiansund"]
[Date "2017.10.22"]
[Round "5"]
[White "Darnell, Anton"]
[Black "Joa, Sander"]
[Result "1-0"]
[WhiteElo "2078"]
[BlackElo "1433"]
[Annotator "NA"]
[PlyCount "67"]
[EventDate "2017.??.??"]
[EventType "team-tourn"]
[EventCountry "NOR"]
[SourceTitle "playchess.com"]
[Source "ChessBase"]
[SourceQuality "1"]
[TimeControl "40/5400:1800"]

1. d4 {[%emt 0:00:03]} Nf6 {[%emt 0:00:08]} 2. Nc3 {[%emt 0:00:33]} e6 {[%emt 0:01:25]} 3. Bf4 {[%emt 0:02:00] A45: Trompowsky Attack} c5 {[%emt 0:01:19]} 4. e3 {[%emt 0:00:43]} a6 {[%emt 0:00:46]} 5. Nf3 {[%emt 0:01:21]} Nc6 {[%emt 0:01:54]} 6. a3 {[%emt 0:01:08]} d5 {[%emt 0:02:08]} 7. Bd3 {[%emt 0:02:02] LiveBook: 9 Games} (7. h3 Be7 8. Bd3 c4 9. Be2 b5 10. O-O O-O 11. Re1 Bb7 {0-1 (42) Jobava,B (2702)-Riazantsev,A (2671) Doha 2016}) 7... b5 {[%emt 0:01:28]} 8. dxc5 {[%emt 0:09:52]} Bxc5 {[%emt 0:00:49]} 9. O-O $146 {[%emt 0:00:48]} ({Predecessor:} 9. b4 Bd6 10. Bxd6 Qxd6 11. Nd4 O-O 12. Nb3 {½-½ (24) Giaracuni,C (1759)-Luppi,D (1718) Como 2007}) 9... Nh5 {[%emt 0:04:28]} 10. Bg5 {[%emt 0:10:55]} f6 {[%emt 0:01:56]} 11. Bh4 {[%emt 0:00:16]} (11. Nd4 $14 Bxd4 12. exd4 (12. Qxh5+ g6 $15)) 11... e5 $2 {[%emt 0:04:49]} (11... g6 $11 {and Black stays safe.}) 12. Nxe5 {[%emt 0:05:10]} Nxe5 {[%emt 0:00:36]} 13. Qxh5+ {[%emt 0:00:11]} g6 {[%emt 0:00:31]} 14. Qxe5+ {[%emt 0:00:17]} fxe5 {[%emt 0:00:53]} 15. Bxd8 {[%emt 0:00:12]} d4 {[%emt 0:00:29]} 16. Ne4 {[%emt 0:00:18]} Ba7 {[%emt 0:02:08]} 17. Bf6 {[%emt 0:00:24]} Rf8 {[%emt 0:00:40]} 18. Bg7 {[%emt 0:00:54]} dxe3 {[%emt 0:00:52]} 19. Nd6+ {[%emt 0:00:54]} Ke7 {[%emt 0:00:55]} 20. Bxf8+ {[%emt 0:00:03]} Kxf8 {[%emt 0:00:32]} 21. fxe3+ {[%emt 0:00:02]} Kg8 {[%emt 0:01:00]} 22. Nxc8 {[%emt 0:00:52]} Bxe3+ {[%emt 0:00:15]} 23. Kh1 {[%emt 0:00:02]} Rxc8 {[%emt 0:00:25]} 24. Rae1 {[%emt 0:00:03]} Bh6 {[%emt 0:01:09]} 25. c3 {[%emt 0:01:17]} Rd8 $18 {[%emt 0:00:24]} 26. Rd1 {[%emt 0:00:13]} Re8 {[%emt 0:00:29]} 27. Be4 {[%emt 0:00:13]} Re7 {[%emt 0:00:40]} 28. Rd8+ {[%emt 0:00:33]} Kg7 {[%emt 0:00:07]} 29. Bd5 {[%emt 0:00:09]} Bf4 {[%emt 0:00:35]} 30. g3 {[%emt 0:00:29]} Be3 {[%emt 0:00:14]} 31. h4 {[%emt 0:01:10]} e4 {[%emt 0:01:06]} 32. g4 {[%emt 0:00:43]} g5 {[%emt 0:00:38]} 33. Rg8+ {[%emt 0:00:16]} Kh6 {[%emt 0:00:23]} 34. Rf6# {[%emt 0:00:12]} 1-0